Statistiques concernant Prénoms féminins terminés par "ette"

Cliquez ici pour prendre le quiz!

Statistiques générales

  • Ce quiz a été pris 545 fois
    (532 depuis la dernière actualisation)
  • Le résultat moyen est 13 sur 30

Statistiques - réponses

Prénoms% Correct
Paulette
82%
Bernadette
68%
Juliette
65%
Annette
60%
Claudette
58%
Yvette
58%
Colette
57%
Henriette
57%
Mariette
56%
Jeannette
54%
Georgette
53%
Odette
51%
Lucette
50%
Pierrette
48%
Ginette
46%
Antoinette
41%
Huguette
40%
Laurette
39%
Mauricette
39%
Marinette
39%
Lisette
34%
Sylvette
32%
Suzette
30%
Arlette
28%
Violette
19%
Florette
12%
Cosette
10%
Etiennette
9%
Perrette
5%

Distribution des résultats

Percentile par nombre de réponses

% des personnes avec chaque résultat

Votre développement - résultats

Vous n’avez pas pris ce quiz depuis la dernière actualisation